| 000 | 00426nam a2200169Ia 4500 | ||
|---|---|---|---|
| 003 | GCL | ||
| 008 | 140319s9999 xx 000 0 eng d | ||
| 040 |
_aGCL / _cGCL |
||
| 082 | 0 | 4 |
_a782.1 _bP C |
| 100 | 1 | _aPARKER, ROGER | |
| 245 | 1 | 0 |
_aCOMBRIDGE OPERA JOURNAL / _cPARKER, ROGER |
| 260 |
_a[S.N] : _bCAMBRIBGE UNIVERSITY PRESS ، _c1992 |
||
| 300 | _a92 PP | ||
| 650 | 0 | 4 | _aOPERA |
| 650 | 0 | 4 | _aPERIODICALS |
| 942 |
_2ddc _cBK |
||
| 999 |
_c18191 _d18191 |
||